000 00490nam a2200193Ia 4500
005 20250326140519.0
008 250326s9999 xx 000 0 und d
020 _a0-7624-1327-1
037 _aTextbook
040 _aFMSL
_beng
_cFMSL
041 _aeng
_2eng
084 _aX:74 P2
_qFMSL
100 _aAxelrod Alan
245 0 _aMonopoly
_cAxelrod Alan
260 _aLondon
_bLondon, Running
_c2002
300 _a197p
942 _cTB
_hX:74 P2
999 _c1286128
_d1286128